Catálogo
 En Linea

Perfiles del profesional de la información : (Registro nro. 20005)

Detalles MARC
000 -CABECERA
campo de control de longitud fija 00788nam a2200217 a 4500
001 - NÚMERO DE CONTROL
campo de control 000020501
005 - FECHA Y HORA DE LA ÚLTIMA TRANSACCIÓN
campo de control 20200930011123.0
008 - DATOS DE LONGITUD FIJA--INFORMACIÓN GENERAL
campo de control de longitud fija 100322s2016 ck 000 0 spa d
020 ## - NÚMERO INTERNACIONAL ESTÁNDAR DEL LIBRO
Número Internacional Estándar del Libro 9789588939636
020 ## - NÚMERO INTERNACIONAL ESTÁNDAR DEL LIBRO
Número Internacional Estándar del Libro 9789588939643
040 ## - FUENTE DE LA CATALOGACIÓN
Centro catalogador/agencia de origen DO-SdBNP
Lengua de catalogación spa
Centro/agencia transcriptor BNPHU
082 ## - NÚMERO DE LA CLASIFICACIÓN DECIMAL DEWEY
Número de clasificación xxxx
Número de documento/Ítem P667
100 1# - ENTRADA PRINCIPAL--NOMBRE DE PERSONA
Nombre de persona Pirela Morillo, Johann
9 (RLIN) 43207
245 10 - MENCIÓN DE TÍTULO
Título Perfiles del profesional de la información :
Resto del título en la sociedad del conocimiento /
Mención de responsabilidad, etc. Johann Pirela Morillo.
260 ## - PUBLICACIÓN, DISTRIBUCIÓN, ETC.
Lugar de publicación, distribución, etc. Bogotá, Colombia :
Nombre del editor, distribuidor, etc. Universidad de la Salle,
Fecha de publicación, distribución, etc. 2016.
300 ## - DESCRIPCIÓN FÍSICA
Extensión 198 p. : ;
Dimensiones 22 cm.
504 ## - NOTA DE BIBLIOGRAFÍA, ETC.
Nota de bibliografía, etc. Bibliografía p: 163-176
500 ## - NOTA GENERAL
Nota general Incluye datos biografícos de la autora en la solapa de la cubierta
650 #4 - PUNTO DE ACCESO ADICIONAL DE MATERIA--TÉRMINO DE MATERIA
Término de materia o nombre geográfico como elemento de entrada Profesionales de información
9 (RLIN) 43208
650 #4 - PUNTO DE ACCESO ADICIONAL DE MATERIA--TÉRMINO DE MATERIA
Término de materia o nombre geográfico como elemento de entrada Bibliotecología como profesión
9 (RLIN) 43209
Existencias
Estado de retiro Estado de pérdida Restricciones de uso No para préstamo Código de colección Localización permanente Ubicación/localización actual Ubicación en estantería Fecha de adquisición Número de inventario Total de préstamos Signatura topográfica completa Código de barras Fecha visto por última vez Precio válido a partir de Tipo de ítem Koha
      Excluido de préstamo Monografías: Libros y Folletos General General En catalogación 03.10.2017 LF1   xxxx P667 20501-10 25.06.2020 25.06.2020 No se presta

Con tecnología Koha